Guía ilustrada de las orquídeas del Valle geogréfico del río Cauca y Piedemonte andino bajo / (Registro nro. 7434)

Detalles MARC
000 -CABECERA
Campo de control 01225nam a22002777a 4500
005 - FECHA Y HORA DE LA ULTIMA TRANSACCION
Campo de control 20160930020002.0
008 - ELEMENTOS DE LONGITUD FIJA—INFORMACION GENERAL
Campo de control 111125s2011 ck a gr 00010 spa d
020 ## - ISBN
ISBN 9789584490087
041 0# - IDIOMA
Código de idioma para texto/pista de sonido o título separado Español
082 04 - NUMERO DE CLASIFICACION DECIMAL DEWEY
Número de clasificación 584.15
Número del ítem R364g
100 1# - ASIENTO PRINCIPAL--NOMBRE PERSONAL
Nombre personal Reina-Rodríguez, Guillermo A.
245 10 - MENCION DE TITULO
Título Guía ilustrada de las orquídeas del Valle geogréfico del río Cauca y Piedemonte andino bajo /
Mención de responsabilidad Guillermo A. Reina-Rodríguez, J. Tupac Otero ; fotografía Francisco López-Machado ; revisión de textos Ignasi Soriano ... [et al.].
260 ## - PUBLICACION, DISTRIBUCION, ETC. (PIE DE IMPRENTA)
Lugar de publicación, distribución, etc. Cauca :
Nombre del editor, distribuidor, etc. Fundación Naturaleza Creativa,
Fecha de publicación, distribución, etc. 2011.
300 ## - DESCRIPCION FISICA
Extensión 95 p. :
Otros detalles físicos il. ;
Dimensiones 14 x 22 cm.
500 ## - NOTA GENERAL
Nota general Glosario : p. 91.
504 ## - NOTA DE BIBLIOGRAFIA, ETC.
Nota de bibliografía Incluye bibliografía.
650 #4 - ASIENTO SECUNDARIO DE MATERIA - TERMINO TEMATICO
Término temático o nombre geográfico como elemento de entrada Orquídeas
Subdivisión general Clasificación
Subdivisión geográfica Región Andina (Colombia)
650 #4 - ASIENTO SECUNDARIO DE MATERIA - TERMINO TEMATICO
Término temático o nombre geográfico como elemento de entrada Orquídeas
Subdivisión general Variedades
Subdivisión geográfica Región Andina (Colombia)
650 #4 - ASIENTO SECUNDARIO DE MATERIA - TERMINO TEMATICO
Término temático o nombre geográfico como elemento de entrada Orquídeas
Subdivisión general Fichas técnicas
Subdivisión geográfica Región Andina (Colombia)
650 #4 - ASIENTO SECUNDARIO DE MATERIA - TERMINO TEMATICO
Término temático o nombre geográfico como elemento de entrada Orquídeas
Subdivisión geográfica Región Andina (Colombia)
Subdivisión de forma Fotografías.
700 1# - ASIENTO SECUNDARIO - NOMBRE PERSONAL
Nombre personal Otero, J. Tupac.
700 1# - ASIENTO SECUNDARIO - NOMBRE PERSONAL
Nombre personal López-Anglada, Luis,
Fechas asociadas con el nombre 1919-2007,
Término de relación fot.
700 1# - ASIENTO SECUNDARIO - NOMBRE PERSONAL
Nombre personal Soriano, Ignasi,
Término de relación rev.
942 ## - ELEMENTOS ADICIONALES (KOHA)
Sistema de clasificación Dewey Decimal Classification
Tipo de ítem
Koha issues (borrowed), all copies 3
949 ## - LOCAL PROCESSING INFORMATION (OCLC)
a
Existencias
Withdrawn status Lost status Sistema de Clasificación Damaged status No para préstamo Colección Inventariado Ubicación Permanente Ubicación actual Fecha de adquisición Fuente de Valor Valor Total Checkouts Número topográfico Inventario / Código de Barras Date last seen Date checked out Ejemplar Price effective from Forma de adquisición Tipo de material
    Dewey Decimal Classification     General Inventariado 2017 Bogotá Bogotá 24/07/2013 Instituto 39000.00 3 LB-584.15 R364g 028436 03/10/2016 29/09/2016 Ej. 1 24/07/2013   Libro
    Dewey Decimal Classification     General Inventariado 2017 Sala Fabio Quevedo Sala Fabio Quevedo 18/02/2016 Instituto 39000.00   LB-584.15 R364g 028435 18/02/2016   Ej. 2 18/02/2016   Libro